| 000 | 00459cam a2200181ua 4500 | ||
|---|---|---|---|
| 020 | _c124.50 | ||
| 041 |
_aeng _h |
||
| 082 |
_a006.6 _bSIN/Co |
||
| 100 | _aSingh, Vishnu Priya . | ||
| 245 |
_aCorel draw X 3 / _cVishnu Priya Singh. _hTextual Documents |
||
| 260 |
_aNew Delhi : _bComputech Publications Limited , _c2007. |
||
| 300 | _a199 ; . | ||
| 365 | _a124.50 | ||
| 504 | _a | ||
| 942 | _cBK | ||
| 999 |
_c13376 _d13376 |
||